[Event "Baia Mare Castanelor Cup 7th"]
[Site "Baia Mare"]
[Date "2021.11.28"]
[Round "2"]
[White "Costachi, Mihnea"]
[Black "Breitkopf, Ioan Francisc"]
[Result "1-0"]
[WhiteElo "2463"]
[BlackElo "1869"]
[PlyCount "61"]
[EventDate "2021.11.28"]
[EventType "swiss (rapid)"]
[EventRounds "9"]
[EventCountry "ROU"]
[SourceTitle "CBM 205 Extra"]
[Source "ChessBase"]
[SourceDate "2022.01.31"]
[SourceVersion "1"]
[SourceVersionDate "2022.01.31"]
[SourceQuality "1"]

1. d4 d5 2. c4 dxc4 3. Nf3 Nf6 4. e3 e6 5. Bxc4 Be7 6. 0-0 0-0 7. Qe2 a6 8. e4 h6 9. Nc3 c5 10. Rd1 b5 11. dxc5 Qc7 12. Bd3 e5 13. Nd5 Nxd5 14. exd5 Bxc5 15. Be3 Bd6 16. Rac1 Qe7 17. Bb1 f5 18. Bd2 Nd7 19. b3 Nf6 20. Nh4 Ng4 21. Ng6 Qf6 22. Nxf8 Qh4 23. h3 e4 24. Ng6 Bh2+ 25. Kf1 Qh5 26. Rxc8+ Rxc8 27. Ne7+ Kh7 28. Nxc8 Be5 29. Bxe4 Nh2+ 30. Ke1 Qg6 31. Ne7 1-0

[Event "Arad op 13th"]
[Site "Arad"]
[Date "2020.09.26"]
[Round "2"]
[White "Breitkopf, Ioan Francisc"]
[Black "Antonica, Dragos Andrei"]
[Result "0-1"]
[WhiteElo "1984"]
[BlackElo "2301"]
[PlyCount "92"]
[EventDate "2020.09.25"]
[EventType "swiss"]
[EventRounds "9"]
[EventCountry "ROU"]
[SourceTitle "CBM 198 Extra"]
[Source "ChessBase"]
[SourceDate "2020.11.30"]
[SourceVersion "1"]
[SourceVersionDate "2020.11.30"]
[SourceQuality "1"]

1. c4 Nf6 2. Nc3 c6 3. d4 d5 4. cxd5 cxd5 5. Qb3 Nc6 6. Nf3 a6 7. Bg5 e6 8. e3 b5 9. Bd3 Be7 10. Rc1 Na5 11. Qc2 Bb7 12. 0-0 Rc8 13. Qb1 h6 14. Bxf6 Bxf6 15. b4 Nc4 16. a4 Qb6 17. axb5 axb5 18. Qb3 0-0 19. h3 Ra8 20. Ra1 Ra6 21. Rxa6 Qxa6 22. Rd1 Ra8 23. Ne5 Bxe5 24. dxe5 Qc6 25. Ne2 Ra3 26. Qb1 d4 27. e4 Rxd3 28. Qxd3 Nb2 29. Nxd4 Qd7 30. Qe2 Nxd1 31. Qxd1 Bxe4 32. Qd2 Qd5 33. f4 Bxg2 34. h4 Be4 35. Kf2 Qc4 36. Ke3 Bd5 37. Kf2 Kf8 38. Ke3 Qf1 39. Qf2 Qc1+ 40. Qd2 Qa3+ 41. Qd3 Qxb4 42. Qxb5 Qc3+ 43. Qd3 Qe1+ 44. Ne2 Qxh4 45. Qa3+ Kg8 46. Qd6 Qh3+ 0-1

[Event "Arad op 12th"]
[Site "Arad"]
[Date "2019.07.25"]
[Round "2"]
[White "Breitkopf, Ioan Francisc"]
[Black "Gheorghiu, Calin"]
[Result "1-0"]
[WhiteElo "1994"]
[BlackElo "2345"]
[PlyCount "115"]
[EventDate "2019.07.24"]
[EventType "swiss"]
[EventRounds "9"]
[EventCountry "ROU"]
[SourceTitle "CBM 191 Extra"]
[Source "ChessBase"]
[SourceDate "2019.09.30"]
[SourceVersion "1"]
[SourceVersionDate "2019.09.30"]
[SourceQuality "1"]

1. e4 e6 2. c4 c5 3. Nc3 Nc6 4. d3 g6 5. g3 Bg7 6. Bg2 Nge7 7. Nge2 0-0 8. 0-0 d6 9. Be3 Nd4 10. Qd2 Re8 11. Bh6 Bh8 12. Nxd4 cxd4 13. Ne2 Bd7 14. b4 a6 15. a4 a5 16. b5 Qb6 17. Qa2 Rac8 18. Rac1 Rc5 19. Rc2 g5 20. h3 Ng6 21. f4 Bf6 22. Kh2 e5 23. fxg5 Be7 24. Ng1 Qd8 25. Rcf2 Be6 26. Qd2 Kh8 27. h4 Kg8 28. Bh3 Nh8 29. Qe2 Qd7 30. Qh5 Bd8 31. Bf5 Ng6 32. Qg4 Bxf5 33. Rxf5 Re6 34. h5 Nh8 35. Nf3 Rc7 36. Nh4 Be7 37. Qf3 Qe8 38. Rf2 Bd8 39. Qg4 Qd7 40. Qh3 Qc8 41. Qf1 Rd7 42. Kg2 Qc5 43. Nf3 Qa3 44. Qd1 Bb6 45. Nh2 d5 46. cxd5 Re8 47. Ng4 Bd8 48. Nf6+ Bxf6 49. gxf6 Rc7 50. Rg5+ Ng6 51. hxg6 hxg6 52. Bg7 Rc1 53. Rh5 gxh5 54. Qxh5 Rg1+ 55. Kxg1 Qc1+ 56. Kg2 Qh1+ 57. Kxh1 Rc8 58. Qh8# 1-0

[Event "Baile Felix Cup 27th"]
[Site "Baile Felix"]
[Date "2012.06.05"]
[Round "7"]
[White "Samu, Sorin Mihai"]
[Black "Breitkopf, Ioan Francisc"]
[Result "1-0"]
[WhiteElo "2178"]
[BlackElo "1986"]
[PlyCount "77"]
[EventDate "2012.06.01"]
[EventType "swiss"]
[EventRounds "7"]
[EventCountry "ROU"]
[SourceTitle "CBM 148 Extra"]
[Source "ChessBase"]
[SourceDate "2012.06.22"]
[SourceVersion "1"]
[SourceVersionDate "2012.06.22"]
[SourceQuality "1"]

1. e4 c5 2. Nc3 e6 3. Nf3 Nc6 4. d4 cxd4 5. Nxd4 Nf6 6. a3 a6 7. Be2 Be7 8. Be3 d5 9. exd5 exd5 10. 0-0 0-0 11. Bf3 Re8 12. Qd3 Ne5 13. Qd1 h6 14. h3 Bf8 15. Re1 Nc4 16. Bc1 Ne5 17. Bf4 Ng6 18. Rxe8 Qxe8 19. Bg3 Be6 20. Qd3 Qd7 21. Nxe6 Qxe6 22. Nxd5 Nxd5 23. Qxd5 Rc8 24. Qxe6 fxe6 25. Bxb7 Rc5 26. Bxa6 Ne7 27. c4 Rg5 28. b4 Nf5 29. Bf4 Rg6 30. c5 Nd4 31. Bd3 Nf3+ 32. Kf1 Rf6 33. Be3 Ne5 34. Be2 Rf7 35. a4 g5 36. b5 Bg7 37. Ra2 Rd7 38. c6 Rc7 39. a5 1-0